Determinanty stability bankového sektora na Slovensku bakalárska práca

Na minha lista:
Detalhes bibliográficos
Autor principal: Jandurová, Zuzana
Autor Corporativo: Národohospodárska fakulta EU. Katedra bankovníctva a medzinárodných financií
Outros Autores: Makúch, Jozef, 1953-
Formato: Livro
Idioma:eslovaco
Publicado em: Bratislava 2021
Tags: Adicionar Tag
Sem tags, seja o primeiro a adicionar uma tag!

MARC

LEADER 00000nbm a2200000 4500
001 0275149
005 20220110113726.4
041 0 |a slo 
044 |a SK 
245 1 0 |a Determinanty stability bankového sektora na Slovensku  |b bakalárska práca  |c Zuzana Jandurová ; školiteľ: Jozef Makúch 
264 1 |a Bratislava  |c 2021 
300 |a 49 s. 
100 1 |a Jandurová, Zuzana 
700 1 |a Makúch, Jozef, 1953- 
710 2 |a Národohospodárska fakulta EU. Katedra bankovníctva a medzinárodných financií